| 000 -LEADER |
| fixed length control field |
00419nam a22001697a 4500 |
| 008 - FIXED-LENGTH DATA ELEMENTS--GENERAL INFORMATION |
| fixed length control field |
151012b xxu||||| |||| 00| 0 eng d |
| 020 ## - INTERNATIONAL STANDARD BOOK NUMBER |
| International Standard Book Number |
0321165918 |
| 041 0# - LANGUAGE CODE |
| Language code of text/sound track or separate title |
eng |
| 080 ## - UNIVERSAL DECIMAL CLASSIFICATION NUMBER |
| Universal Decimal Classification number |
336 |
| 245 #0 - TITLE STATEMENT |
| Title |
Personal finance / |
| Statement of responsibility, etc |
Jeff Madura. |
| 250 ## - |
| -- |
2nd ed. |
| 260 ## - |
| -- |
Boston: |
| -- |
Pearson education, Inc.; |
| -- |
2004. |
| 300 ## - |
| -- |
648 f.: |
| -- |
me il.; |
| -- |
24 cm. |
| 650 #0 - |
| -- |
Financa |
| 650 #0 - |
| -- |
Personale |
| 942 ## - ADDED ENTRY ELEMENTS (KOHA) |
| Source of classification or shelving scheme |
|
| Item type |
Books |